| 000 | 00647cam a2200217 4500500 | ||
|---|---|---|---|
| 005 | 20260405004019.0 | ||
| 041 | _afre | ||
| 042 | _adc | ||
| 100 | 1 | 0 |
_aDuru, Martin _eauthor |
| 245 | 0 | 0 | _aEsprit des Lumières, où es-tu ? |
| 260 | _c2017. | ||
| 500 | _a24 | ||
| 690 | _aContrat social | ||
| 690 | _aDoute | ||
| 690 | _aHobbes | ||
| 690 | _aLumières | ||
| 690 | _aNature | ||
| 690 | _aProgrès | ||
| 786 | 0 | _nPhilosophie magazine - Hors séries | Hors-série Hiver 2017 | HS32 | 2017-01-01 | p. 1-2 | 2104-9246 | |
| 856 | 4 | 1 | _uhttps://shs.cairn.info/magazine-philosophie-magazine-2017-hs32-page-1?lang=fr&redirect-ssocas=7080 |
| 999 |
_c2072902 _d2072902 |
||